Statistiken für Weltstädte auf einer Karte Quiz

Klicken Sie hier um das Quiz zu spielen!

Allgemein

  • Dieses Quiz wurde 12.213 mal gespielt
  • Das Durchschnittsergebnis liegt bei 23 aus 28

Antworten auf der Karte

Die Antworten werden auf der Karte rot bzw. grün angezeigt, abhängig davon wie oft sie richtig erraten wurden.
 

Antwortstatistiken

GruppeStadt% Korrekt
Alpha++London
98%
Alpha++New York City
98%
Alpha+Paris
98%
AlphaMadrid
97%
AlphaMoskau
97%
AlphaAmsterdam
94%
Alpha+Tokio
94%
AlphaBrüssel
93%
AlphaLos Angeles
93%
Alpha+Sydney
93%
AlphaMexiko-Stadt
90%
AlphaPeking
88%
AlphaFrankfurt
86%
AlphaMailand
85%
AlphaSeoul
82%
Alpha+Dubai
81%
AlphaWashington, D.C.
81%
AlphaSan Francisco
79%
AlphaBuenos Aires
76%
Alpha+Singapur
74%
Alpha+Chicago
73%
Alpha+Shanghai
73%
Alpha+Hongkong
71%
AlphaSão Paulo
67%
AlphaMumbai
66%
AlphaJakarta
64%
AlphaToronto
63%
AlphaKuala Lumpur
52%

Verteilung der Resultate

Perzentil nach korrekt beantworteten Fragen

Anzahl Personen mit jedem Resultat

Ihre Resultats-Entwicklung

Sie haben dieses Quiz noch nicht gespielt